00426nam a2200121Ia 4500008004100000024005200041082001800093100007900111245002900190260002500219600002700244650003300271250506s9999 xx 000 0 und d a04A-08-EE, 04A-20-EE, 04A-08-CE & 04A-04-CE a621.657072ADI aAdil Sharief Abbasi,Ashar Rashid Butt, Farooq Mohiuddin & Sanober M. Ameen 0aEnergy Management System aKarachi:bUIT,c2004 aElectronic Engineering aBachelor of Engineering (BE)